Guía de estrenos (Record no. 76439)

MARC details
000 -LEADER
campo de control de longitud fija 00409nam a2200145 i 4500
001 - NÚMERO DE CONTROL
campo de control 76439
003 - IDENTIFICADOR DE NÚMERO DE CONTROL
campo de control ES-MaACL
005 - FECHA Y HORA DE LA ÚLTIMA TRANSACCIÓN
campo de control 20230906172836.0
007 - CAMPO FIJO DE DESCRIPCIÓN FÍSICA--INFORMACIÓN GENERAL
campo de control de longitud fija t|
008 - DATOS DE LONGITUD FIJA--INFORMACIÓN GENERAL
campo de control de longitud fija 041001s1967 sp ||||1| spa d
245 00 - MENCIÓN DEL TÍTULO
Título Guía de estrenos
Resto del título : 1966.
260 ## - PUBLICACIÓN, DISTRIBUCIÓN, ETC.
Lugar de publicación, distribución, etc. [Madrid :
Nombre del editor, distribuidor, etc. Secretariado Internacional de Publicaciones y Espectáculos,
Fecha de publicación, distribución, etc. 1967]
300 ## - DESCRIPCIÓN FÍSICA
Extensión 376 p. ;
Dimensiones 21 cm.
852 ## - LOCALIZACIÓN
Ubicación ES-MaACL
Número de control de estantería C-31614
Sublocalización o colección R.62284
Holdings
Estatus retirado Estado de pérdida Estado de daño No para préstamo Biblioteca de origen Biblioteca actual Ubicación en estantería Fecha de adquisición Fuente de adquisición Total de préstamos Signatura topográfica completa Código de barras Visto por última vez Precio de reemplazo Tipo de ítem Koha
        Biblioteca del Ateneo de Madrid Biblioteca del Ateneo de Madrid Depósito 2 17/01/2008     C-31614 1079992 23/02/2023 23/02/2023 Libro impreso